000 00663 a2200193 4500
999 _c9556
_d9556
020 _a9780702185281
050 0 0 _aKTL 1771 SCH 2009
100 1 _aSchwikkard, Pamela-Jane,
_eauthor
245 1 0 _aPrinciples of evidence /
_cP.J. Schwikkard, S.E. van der Merwe and Vos, W.L
250 _a3rd ed.
264 1 _aClaremont, Cape Town, South Africa :
_bJuta,
_c2009
300 _axxv, 638p.:
500 _aIncludes bibliographical references and index.
504 _aIncludes bibliographical references and index.
650 0 _aEvidence (Law)
700 1 _aVan der Merwe, S. E.,
_eauthor.
700 1 _a Vos, W.L
_eauthor
942 _2olc
_cBK
_e3th ed
_h1771
_iSCH
_kKTL